| 000 | 01226nam a2200229Ia 4500 | ||
|---|---|---|---|
| 001 | 15691 | ||
| 003 | GE_BSU | ||
| 008 | 181216s||||||||xx |||||||||||||| ||und|| | ||
| 040 | _cGE_BSU | ||
| 080 | _a821.353.1.09 | ||
| 100 | _aჭავჭავაძე, ი. (ილია, 1837-1907) | ||
| 245 | _aთხზულებათა სრული კრებული : 20 ტომად. ტ. 5 : კრიტიკა | ||
| 245 | _cრედ.: გიორგი ციციშვილი.ტომის რედ.: გიორგი აბაშიძე.ტექსტი გამოსაც. მოამზადეს,ვარიანტები, შენიშვნ. და საძიებლ.დაურთეს ე.შარაშენიძემ,ლ.მეგრელიშვილმა. ც. ყიფშიძემ და სხვ. | ||
| 260 | _aთბილისი | ||
| 260 | _bსაბჭ. საქართველო | ||
| 260 | _c1987 | ||
| 300 | _a732 გვ.20 სმ | ||
| 300 | _eსაძიებლები: გვ. 705-729. | ||
| 653 | _aთხზულებათა სრული კრებული | ||
| 653 | _aკრიტიკა | ||
| 942 | _cBK | ||
| 999 |
_c48789 _d48789 |
||